Caribbean Rim: Costa Rica, Dominican Republic and Jamaica
Salvato in:
| Natura: | Libro |
|---|---|
| Lingua: | inglese |
| Pubblicazione: |
Paris
OECD
2004
|
| Serie: | OECD Investment Policy Reviews
|
| Soggetti: | |
| Tags: |
Nessun Tag, puoi essere il primo ad aggiungerne!!
|
MARC
| LEADER | 00000nam a2200000 4500 | ||
|---|---|---|---|
| 001 | 0020412 | ||
| 005 | 20220627102332.4 | ||
| 020 | |a 92-64-10509-3 | ||
| 041 | 0 | |a eng | |
| 044 | |a FR | ||
| 245 | 1 | 0 | |a Caribbean Rim: Costa Rica, Dominican Republic and Jamaica |
| 264 | 1 | |a Paris |b OECD |c 2004 | |
| 300 | |a 185 s. | ||
| 490 | 1 | |a OECD Investment Policy Reviews | |
| 830 | 0 | |a OECD Investment Policy Reviews | |
| 610 | 2 | 0 | |a Kostarika |
| 610 | 2 | 0 | |a Dominikánska republika |
| 610 | 2 | 0 | |a Jamajka |
| 610 | 2 | 0 | |a Karibská oblasť |
| 610 | 2 | 0 | |a investície |
| 610 | 2 | 0 | |a investície priame zahraničné |
| 610 | 2 | 0 | |a politika investičná |
| 610 | 2 | 0 | |a obchod medzinárodný |